[Event "9th Bangabandhu Rapid Men 2021"]
[Site "Dhaka"]
[Date "2021.04.02"]
[Round "3.5"]
[White "Rafi, Islam"]
[Black "Mollah Abdullah, Al Rakib"]
[Result "0-1"]
[WhiteElo "1788"]
[BlackElo "2463"]
[Annotator "ChessBase"]
[PlyCount "100"]
[EventDate "2021.04.02"]
[EventType "swiss"]
[EventCountry "BAN"]
[SourceTitle "playchess.com"]
[Source "ChessBase"]
[SourceQuality "1"]
[TimeControl "1500+10"]

1. d4 {[%emt 0:00:00]} Nf6 {[%emt 0:00:04]} 2. Nf3 {[%emt 0:00:00]} b6 {[%emt 0:00:19]} 3. Bf4 {[%emt 0:00:00]} Bb7 {[%emt 0:00:10]} 4. e3 {[%emt 0:00:00]} g6 {[%emt 0:00:00]} 5. h3 {[%emt 0:00:00]} Bg7 {[%emt 0:00:20]} 6. Bd3 {[%emt 0:00:00]} d6 {[%emt 0:00:00]} 7. Nbd2 {[%emt 0:00:00]} Nbd7 {[%emt 0:00:00]} 8. Bh2 {[%emt 0:00:00]} O-O {[%emt 0:00:00]} 9. O-O {[%emt 0:00:00]} e6 {[%emt 0:00:00]} 10. e4 {[%emt 0:00:10]} Qe7 {[%emt 0:00:00]} 11. Re1 {[%emt 0:00:20]} e5 {[%emt 0:00:00]} 12. c3 {[%emt 0:00:00]} Nh5 {[%emt 0:00:00]} 13. Rc1 {[%emt 0:00:00]} Rad8 {[%emt 0:00:00]} 14. Qc2 {[%emt 0:00:00]} Rfe8 {[%emt 0:00:00]} 15. b4 {[%emt 0:00:00]} Bh6 {[%emt 0:00:10]} 16. Ra1 {[%emt 0:00:00]} Bf4 {[%emt 0:00:00]} 17. Bxf4 {[%emt 0:00:00]} Nxf4 {[%emt 0:00:10]} 18. Bf1 {[%emt 0:00:00]} a6 {[%emt 0:00:00]} 19. g3 {[%emt 0:00:10]} Ne6 {[%emt 0:00:00]} 20. d5 {[%emt 0:00:00]} Ng7 {[%emt 0:00:00]} 21. c4 {[%emt 0:00:00]} f5 {[%emt 0:00:00]} 22. h4 {[%emt 0:00:00]} Rf8 {[%emt 0:00:00]} 23. Bg2 {[%emt 0:00:00]} f4 {[%emt 0:00:00]} 24. g4 {[%emt 0:00:00]} Nf6 {[%emt 0:00:10]} 25. g5 {[%emt 0:01:10]} Nd7 {[%emt 0:00:00]} 26. Bh3 {[%emt 0:00:00]} c6 {[%emt 0:00:00]} 27. a4 {[%emt 0:00:00]} Nb8 {[%emt 0:00:00]} 28. Qd3 {[%emt 0:00:00]} Bc8 {[%emt 0:00:00]} 29. Qf1 {[%emt 0:00:20]} Qb7 {[%emt 0:01:00]} 30. Reb1 {[%emt 0:00:10]} Rf7 {[%emt 0:01:10]} 31. Ra3 {[%emt 0:00:20]} Rc7 {[%emt 0:00:00]} 32. Raa1 {[%emt 0:00:00]} Bxh3 {[%emt 0:00:00]} 33. Qxh3 {[%emt 0:00:00]} b5 {[%emt 0:00:00]} 34. axb5 {[%emt 0:00:00]} axb5 {[%emt 0:00:00]} 35. Nb3 {[%emt 0:00:19]} bxc4 {[%emt 0:00:00]} 36. Na5 {[%emt 0:00:51]} Qb5 {[%emt 0:00:00]} 37. dxc6 {[%emt 0:00:14]} Nxc6 {[%emt 0:00:40]} 38. Nxc6 {[%emt 0:00:13]} Qxc6 {[%emt 0:00:00]} 39. b5 {[%emt 0:00:20]} Qxe4 {[%emt 0:00:00]} 40. b6 {[%emt 0:00:03]} Rb7 {[%emt 0:00:00]} 41. Nd2 {[%emt 0:00:10]} Qd4 {[%emt 0:01:20]} 42. Nf3 {[%emt 0:00:17]} Qc5 {[%emt 0:01:30]} 43. Ra6 {[%emt 0:00:27]} Nf5 {[%emt 0:00:00]} 44. Qg2 {[%emt 0:00:00]} e4 {[%emt 0:00:00]} 45. Nd2 {[%emt 0:00:00]} d5 {[%emt 0:00:00]} 46. Nxe4 {[%emt 0:00:01]} dxe4 {[%emt 0:00:04]} 47. Qxe4 {[%emt 0:00:05]} Qd5 {[%emt 0:00:22]} 48. Qc2 {[%emt 0:00:21]} Nd4 {[%emt 0:00:04]} 49. Qa4 {[%emt 0:00:20]} Nf3+ {[%emt 0:00:07]} 50. Kf1 {[%emt 0:00:09]} Nd2+ {[%emt 0:00:03]} 0-1

[Event "9th Bangabandhu Rapid Men 2021"]
[Site "Dhaka"]
[Date "2021.04.02"]
[Round "3.6"]
[White "Subrota, Biswas"]
[Black "Reefat, Bin-Sattar"]
[Result "1-0"]
[WhiteElo "2262"]
[BlackElo "2409"]
[Annotator "ChessBase"]
[PlyCount "57"]
[EventDate "2021.04.02"]
[EventType "swiss"]
[EventCountry "BAN"]
[SourceTitle "playchess.com"]
[Source "ChessBase"]
[SourceQuality "1"]
[TimeControl "1500+10"]

1. d4 {[%emt 0:25:10]} d5 {[%emt 0:25:10]} 2. c4 {[%emt 0:00:10]} dxc4 {[%emt 0:00:10]} 3. Nf3 {[%emt 0:00:10]} a6 {[%emt 0:00:10]} 4. e4 {[%emt 0:00:00]} Nf6 {[%emt 0:00:00]} 5. Nc3 {[%emt 0:00:00]} b5 {[%emt 0:00:00]} 6. e5 {[%emt 0:00:00]} Nd5 {[%emt 0:00:00]} 7. a4 {[%emt 0:00:00]} Bb7 {[%emt 0:00:00]} 8. e6 {[%emt 0:00:00]} fxe6 {[%emt 0:00:00]} 9. Ne4 {[%emt 0:00:00]} Nf6 {[%emt 0:00:00]} 10. Nc5 {[%emt 0:00:00]} Qc8 {[%emt 0:00:00]} 11. Be2 {[%emt 0:00:00]} Bd5 {[%emt 0:00:00]} 12. axb5 {[%emt 0:00:00]} axb5 {[%emt 0:00:00]} 13. Rxa8 Bxa8 {[%emt 0:00:00]} 14. Ng5 {[%emt 0:00:00]} Bd5 {[%emt 0:00:00]} 15. Bg4 {[%emt 0:00:00]} Nxg4 {[%emt 0:00:00]} 16. Qxg4 {[%emt 0:00:00]} Nd7 {[%emt 0:00:00]} 17. Ncxe6 {[%emt 0:00:00]} Nf6 {[%emt 0:00:00]} 18. Nxg7+ {[%emt 0:02:30]} Kd8 19. N7e6+ {[%emt 0:00:00]} Ke8 {[%emt 0:00:00]} 20. Ng7+ {[%emt 0:00:00]} Kd8 {[%emt 0:00:00]} 21. N5e6+ {[%emt 0:00:00]} Bxe6 {[%emt 0:00:00]} 22. Nxe6+ {[%emt 0:00:00]} Ke8 {[%emt 0:00:00]} 23. Qf5 {[%emt 0:00:00]} Rg8 {[%emt 0:00:00]} 24. O-O {[%emt 0:00:00]} c6 {[%emt 0:00:00]} 25. Bf4 {[%emt 0:00:00]} Qd7 {[%emt 0:00:00]} 26. Re1 {[%emt 0:00:00]} Kf7 {[%emt 0:00:23]} 27. Ng5+ {[%emt 0:00:00]} Kg7 {[%emt 0:00:09]} 28. Re6 {[%emt 0:00:07]} Qxd4 {[%emt 0:01:11]} 29. Rxe7+ {[%emt 0:00:04]} 1-0

[Event "9th Bangabandhu Rapid Men 2021"]
[Site "Dhaka"]
[Date "2021.04.02"]
[Round "3.7"]
[White "Rahman, Taibur"]
[Black "Md., Hadiuzzaman"]
[Result "1-0"]
[WhiteElo "2215"]
[BlackElo "2034"]
[Annotator "ChessBase"]
[PlyCount "59"]
[EventDate "2021.04.02"]
[EventType "swiss"]
[EventCountry "BAN"]
[SourceTitle "playchess.com"]
[Source "ChessBase"]
[SourceQuality "1"]
[TimeControl "1500+10"]

1. d4 {[%emt 0:00:00]} d5 {[%emt 0:00:00]} 2. c4 {[%emt 0:00:00]} c6 {[%emt 0:00:00]} 3. Nf3 {[%emt 0:00:00]} Nf6 {[%emt 0:25:30]} 4. Nc3 e6 {[%emt 0:00:00]} 5. Bg5 {[%emt 0:00:00]} Bb4 {[%emt 0:00:00]} 6. e3 {[%emt 0:00:25]} Qa5 {[%emt 0:00:00]} 7. Bxf6 {[%emt 0:01:22]} Bxc3+ {[%emt 0:00:00]} 8. bxc3 {[%emt 0:00:02]} Qxc3+ {[%emt 0:00:00]} 9. Nd2 {[%emt 0:00:02]} gxf6 {[%emt 0:00:00]} 10. cxd5 {[%emt 0:00:02]} exd5 {[%emt 0:00:00]} 11. Rc1 {[%emt 0:00:18]} Qa5 {[%emt 0:00:00]} 12. Bd3 {[%emt 0:00:58]} Be6 {[%emt 0:00:00]} 13. O-O {[%emt 0:00:23]} Nd7 {[%emt 0:00:00]} 14. Qc2 {[%emt 0:01:42]} Qc7 {[%emt 0:00:00]} 15. f4 {[%emt 0:03:13]} Nb6 {[%emt 0:02:00]} 16. a4 {[%emt 0:01:08]} Ke7 {[%emt 0:00:00]} 17. a5 {[%emt 0:01:09]} Nc4 {[%emt 0:00:00]} 18. Bxc4 {[%emt 0:04:23]} dxc4 {[%emt 0:00:00]} 19. f5 {[%emt 0:00:01]} Bd7 {[%emt 0:00:00]} 20. Nxc4 {[%emt 0:00:02]} Rag8 {[%emt 0:00:00]} 21. e4 {[%emt 0:02:38]} b5 {[%emt 0:00:00]} 22. axb6 {[%emt 0:00:12]} axb6 {[%emt 0:00:00]} 23. Qb3 {[%emt 0:10:50]} b5 {[%emt 0:00:00]} 24. Qa3+ {[%emt 0:00:00]} c5 {[%emt 0:00:00]} 25. Ne3 {[%emt 0:00:00]} b4 {[%emt 0:00:00]} 26. Nd5+ {[%emt 0:00:00]} Kd8 {[%emt 0:00:00]} 27. Qa8+ {[%emt 0:00:00]} Qc8 {[%emt 0:00:00]} 28. Qa5+ {[%emt 0:00:00]} Ke8 {[%emt 0:00:00]} 29. Nxf6+ {[%emt 0:00:00]} Kf8 {[%emt 0:00:00]} 30. Rxc5 {[%emt 0:01:10]} 1-0

[Event "9th Bangabandhu Rapid Men 2021"]
[Site "Dhaka"]
[Date "2021.04.02"]
[Round "3.8"]
[White "Ahmed, Sheikh Nasir"]
[Black "Avik, Sarker"]
[Result "1-0"]
[WhiteElo "2193"]
[BlackElo "2030"]
[Annotator "NA"]
[PlyCount "111"]
[EventDate "2021.04.02"]
[EventType "swiss"]
[EventCountry "BAN"]
[SourceTitle "playchess.com"]
[Source "ChessBase"]
[SourceQuality "1"]
[TimeControl "1500+10"]

1. c4 {[%emt 0:00:00]} e6 {[%emt 0:00:00]} 2. g3 {[%emt 0:00:02]} Nf6 {[%emt 0:00:17]} 3. Bg2 {[%emt 0:00:03]} d5 {[%emt 0:00:02]} 4. Nf3 {[%emt 0:00:05]} Be7 {[%emt 0:00:36]} 5. O-O {[%emt 0:00:04]} O-O {[%emt 0:00:05]} 6. b3 {[%emt 0:00:02]} c5 {[%emt 0:00:12]} 7. cxd5 {[%emt 0:00:03]} exd5 {[%emt 0:00:05]} 8. d4 {[%emt 0:00:03]} Nc6 {[%emt 0:00:13]} 9. Bb2 {[%emt 0:00:11]} Ne4 {[%emt 0:00:37]} 10. Nc3 {[%emt 0:01:49]} Bf6 {[%emt 0:00:33]} 11. e3 {[%emt 0:02:36]} Bg4 {[%emt 0:00:53]} 12. Qd3 {[%emt 0:00:03]} Nb4 {[%emt 0:03:06]} 13. Qd1 {[%emt 0:04:32]} Nc6 {[%emt 0:05:47]} 14. Ne2 {[%emt 0:01:44]} Qe7 {[%emt 0:06:02]} 15. Rc1 {[%emt 0:03:28]} cxd4 {[%emt 0:09:02]} 16. Nexd4 {[%emt 0:00:32]} Ne5 {[%emt 0:00:00]} 17. Rb1 {[%emt 0:04:43]} Ng5 {[%emt 0:00:00]} 18. h4 {[%emt 0:01:21]} Nexf3+ {[%emt 0:00:00]} 19. Nxf3 {[%emt 0:00:23]} Nxf3+ {[%emt 0:00:00]} 20. Bxf3 {[%emt 0:00:03]} Bxf3 {[%emt 0:00:00]} 21. Qxf3 {[%emt 0:00:04]} Bxb2 {[%emt 0:00:00]} 22. Rxb2 {[%emt 0:00:03]} Qe4 {[%emt 0:00:00]} 23. Kg2 {[%emt 0:00:16]} Rfd8 {[%emt 0:00:14]} 24. Rd1 {[%emt 0:00:06]} Qxf3+ {[%emt 0:00:41]} 25. Kxf3 {[%emt 0:00:02]} Rd6 {[%emt 0:00:10]} 26. Rbd2 {[%emt 0:00:15]} Rad8 {[%emt 0:00:02]} 27. Rd4 {[%emt 0:00:02]} Kf8 {[%emt 0:00:27]} 28. Ke2 {[%emt 0:01:05]} Ke7 {[%emt 0:00:12]} 29. Rc1 {[%emt 0:00:01]} Rc6 {[%emt 0:00:08]} 30. Rxc6 {[%emt 0:00:09]} bxc6 {[%emt 0:00:01]} 31. Ra4 {[%emt 0:00:18]} Rd7 {[%emt 0:00:02]} 32. Kd3 {[%emt 0:00:02]} c5 {[%emt 0:00:19]} 33. Ra5 {[%emt 0:00:10]} Rc7 {[%emt 0:00:02]} 34. Ra6 {[%emt 0:00:29]} f5 {[%emt 0:00:16]} 35. Kc3 {[%emt 0:00:44]} Kd7 {[%emt 0:00:17]} 36. a3 {[%emt 0:00:41]} Kc8 {[%emt 0:00:09]} 37. Rd6 {[%emt 0:00:16]} Rd7 {[%emt 0:00:02]} 38. Rc6+ {[%emt 0:00:20]} Rc7 {[%emt 0:00:09]} 39. Re6 {[%emt 0:00:04]} g6 {[%emt 0:00:26]} 40. Re5 {[%emt 0:01:06]} Rd7 {[%emt 0:00:20]} 41. b4 {[%emt 0:00:02]} cxb4+ {[%emt 0:00:10]} 42. Kxb4 {[%emt 0:00:10]} d4 {[%emt 0:00:06]} 43. exd4 {[%emt 0:00:18]} Rxd4+ {[%emt 0:00:01]} 44. Kc5 {[%emt 0:00:06]} Rd2 {[%emt 0:00:23]} 45. Re7 {[%emt 0:00:05]} Rd7 {[%emt 0:00:10]} 46. Rxd7 {[%emt 0:00:42]} Kxd7 {[%emt 0:00:01]} 47. Kd5 {[%emt 0:00:19]} h6 {[%emt 0:00:17]} 48. Ke5 {[%emt 0:00:42]} Kc6 {[%emt 0:00:13]} 49. h5 {[%emt 0:00:52]} gxh5 {[%emt 0:00:11]} 50. Kxf5 {[%emt 0:00:05]} Kb5 {[%emt 0:00:07]} 51. Kg6 {[%emt 0:00:03]} Ka4 {[%emt 0:00:04]} 52. f4 {[%emt 0:00:04]} Kxa3 {[%emt 0:00:02]} 53. f5 {[%emt 0:00:02]} a5 {[%emt 0:00:11]} 54. f6 {[%emt 0:00:02]} a4 {[%emt 0:00:16]} 55. f7 {[%emt 0:00:03]} Kb2 {[%emt 0:00:02]} 56. f8=Q {[%emt 0:00:04]} 1-0

[Event "9th Bangabandhu Rapid Men 2021"]
[Site "Dhaka"]
[Date "2021.04.02"]
[Round "4.1"]
[White "Islam, Khandaker Aminul"]
[Black "Hossain, Enamul"]
[Result "1/2-1/2"]
[WhiteElo "2210"]
[BlackElo "2404"]
[Annotator "ChessBase"]
[PlyCount "68"]
[EventDate "2021.04.02"]
[EventType "swiss"]
[EventCountry "BAN"]
[SourceTitle "playchess.com"]
[Source "ChessBase"]
[SourceQuality "1"]
[TimeControl "1500+10"]

1. Nf3 {[%emt 0:00:00]} Nf6 {[%emt 0:00:06]} 2. c4 {[%emt 0:00:01]} g6 {[%emt 0:00:31]} 3. g3 {[%emt 0:00:23]} Bg7 {[%emt 0:00:04]} 4. Bg2 {[%emt 0:00:01]} O-O {[%emt 0:00:17]} 5. O-O {[%emt 0:00:03]} d6 {[%emt 0:01:46]} 6. d4 {[%emt 0:00:02]} c6 {[%emt 0:00:01]} 7. Nc3 {[%emt 0:00:03]} Qa5 {[%emt 0:00:03]} 8. e4 {[%emt 0:00:55]} e5 {[%emt 0:00:56]} 9. dxe5 {[%emt 0:00:14]} dxe5 {[%emt 0:00:04]} 10. a3 {[%emt 0:00:10]} Bg4 {[%emt 0:00:37]} 11. b4 {[%emt 0:00:55]} Qc7 {[%emt 0:00:15]} 12. Bb2 {[%emt 0:00:21]} Rd8 {[%emt 0:00:27]} 13. Qc2 {[%emt 0:00:08]} Bxf3 {[%emt 0:00:04]} 14. Bxf3 {[%emt 0:00:01]} Nbd7 {[%emt 0:00:01]} 15. Bg2 {[%emt 0:01:00]} Nf8 {[%emt 0:00:30]} 16. Ne2 {[%emt 0:00:20]} Ne6 {[%emt 0:00:27]} 17. Rfd1 {[%emt 0:00:02]} h5 {[%emt 0:00:14]} 18. h4 {[%emt 0:00:24]} Ng4 {[%emt 0:00:13]} 19. Rxd8+ {[%emt 0:00:27]} Rxd8 {[%emt 0:00:01]} 20. Rd1 {[%emt 0:03:24]} a5 {[%emt 0:00:09]} 21. Bf3 {[%emt 0:01:02]} axb4 {[%emt 0:00:22]} 22. axb4 {[%emt 0:00:03]} Nf6 {[%emt 0:03:46]} 23. Rxd8+ {[%emt 0:00:51]} Nxd8 {[%emt 0:00:12]} 24. c5 {[%emt 0:00:29]} Ne8 {[%emt 0:00:57]} 25. Nc1 {[%emt 0:01:30]} Qe7 {[%emt 0:02:32]} 26. Nd3 {[%emt 0:03:59]} Nc7 {[%emt 0:00:29]} 27. Qd1 {[%emt 0:00:32]} f6 {[%emt 0:01:11]} 28. Be2 {[%emt 0:00:56]} Nde6 {[%emt 0:01:20]} 29. Nc1 {[%emt 0:00:23]} Qd8 {[%emt 0:12:15]} 30. Qxd8+ {[%emt 0:00:48]} Nxd8 {[%emt 0:00:00]} 31. Nb3 {[%emt 0:00:03]} Bh6 {[%emt 0:00:00]} 32. Bc4+ {[%emt 0:00:55]} Kf8 {[%emt 0:00:00]} 33. Kf1 {[%emt 0:00:07]} Ke7 {[%emt 0:00:00]} 34. Ke2 {[%emt 0:00:28]} Nce6 {[%emt 0:00:00]} 1/2-1/2

[Event "9th Bangabandhu Rapid Men 2021"]
[Site "Dhaka"]
[Date "2021.04.02"]
[Round "4.2"]
[White "Mollah Abdullah, Al Rakib"]
[Black "Mohammad Fahad, Rahman"]
[Result "1/2-1/2"]
[WhiteElo "2464"]
[BlackElo "2321"]
[Annotator "ChessBase"]
[PlyCount "104"]
[EventDate "2021.04.02"]
[EventType "swiss"]
[EventCountry "BAN"]
[SourceTitle "playchess.com"]
[Source "ChessBase"]
[SourceQuality "1"]
[TimeControl "1500+10"]

1. d4 {[%emt 0:00:00]} d5 {[%emt 0:00:00]} 2. c4 {[%emt 0:00:16]} c6 {[%emt 0:00:01]} 3. Nf3 {[%emt 0:00:02]} Nf6 {[%emt 0:00:02]} 4. Nbd2 {[%emt 0:00:05]} e6 {[%emt 0:01:53]} 5. g3 {[%emt 0:00:31]} Nbd7 {[%emt 0:00:09]} 6. Bg2 {[%emt 0:00:03]} Bd6 {[%emt 0:01:04]} 7. O-O {[%emt 0:00:05]} O-O {[%emt 0:00:03]} 8. b3 {[%emt 0:01:26]} e5 {[%emt 0:00:32]} 9. dxe5 {[%emt 0:00:30]} Nxe5 {[%emt 0:00:02]} 10. cxd5 {[%emt 0:00:42]} Nxd5 {[%emt 0:01:33]} 11. Bb2 {[%emt 0:00:19]} Qe7 {[%emt 0:00:53]} 12. Nxe5 {[%emt 0:02:37]} Bxe5 {[%emt 0:00:02]} 13. Bxe5 {[%emt 0:00:03]} Qxe5 {[%emt 0:00:02]} 14. Nc4 {[%emt 0:00:02]} Qg5 {[%emt 0:01:46]} 15. Qc1 {[%emt 0:01:59]} Qh5 {[%emt 0:01:13]} 16. e4 {[%emt 0:00:15]} Nf6 {[%emt 0:00:30]} 17. Qf4 {[%emt 0:00:37]} Be6 {[%emt 0:01:16]} 18. Nd6 {[%emt 0:00:59]} Rab8 {[%emt 0:01:02]} 19. Rfd1 {[%emt 0:01:05]} Bg4 {[%emt 0:02:55]} 20. Rd2 {[%emt 0:00:47]} h6 {[%emt 0:03:56]} 21. Rc1 {[%emt 0:02:06]} Be6 {[%emt 0:00:47]} 22. b4 {[%emt 0:01:21]} Nd7 {[%emt 0:01:11]} 23. a4 {[%emt 0:05:32]} a5 {[%emt 0:01:30]} 24. Bf3 {[%emt 0:01:44]} Qe5 {[%emt 0:00:15]} 25. b5 {[%emt 0:00:08]} g5 {[%emt 0:01:31]} 26. Qxe5 {[%emt 0:01:06]} Nxe5 {[%emt 0:00:03]} 27. Be2 {[%emt 0:00:01]} Bb3 {[%emt 0:00:45]} 28. Rc5 {[%emt 0:01:01]} Nd7 {[%emt 0:00:58]} 29. Rc3 {[%emt 0:00:03]} Bxa4 {[%emt 0:00:02]} 30. Nf5 {[%emt 0:00:43]} Nf6 {[%emt 0:00:10]} 31. Nxh6+ {[%emt 0:00:58]} Kh7 {[%emt 0:00:35]} 32. Rd6 {[%emt 0:01:44]} Ne8 {[%emt 0:00:27]} 33. Rd4 {[%emt 0:00:04]} Bxb5 {[%emt 0:00:14]} 34. Bxb5 {[%emt 0:00:01]} Kxh6 {[%emt 0:00:07]} 35. Bd3 {[%emt 0:00:11]} Nc7 {[%emt 0:00:24]} 36. h4 {[%emt 0:00:09]} gxh4 {[%emt 0:00:18]} 37. e5 {[%emt 0:00:18]} hxg3 {[%emt 0:00:30]} 38. Rh4+ {[%emt 0:01:20]} Kg5 {[%emt 0:00:01]} 39. Rcc4 {[%emt 0:00:01]} gxf2+ {[%emt 0:00:01]} 40. Kxf2 {[%emt 0:00:02]} f5 {[%emt 0:00:02]} 41. exf6 {[%emt 0:00:17]} Kxf6 {[%emt 0:00:02]} 42. Be4 {[%emt 0:00:28]} Rbe8 {[%emt 0:00:41]} 43. Bf3 {[%emt 0:00:09]} Ne6 {[%emt 0:00:16]} 44. Rh7 {[%emt 0:00:07]} Ng5 {[%emt 0:00:24]} 45. Rxb7 {[%emt 0:00:14]} Ke5 {[%emt 0:00:02]} 46. Rc5+ {[%emt 0:00:08]} Kf6 {[%emt 0:00:21]} 47. Rxc6+ {[%emt 0:00:31]} Re6 {[%emt 0:00:09]} 48. Rbb6 {[%emt 0:00:00]} Rxc6 {[%emt 0:00:32]} 49. Bxc6 {[%emt 0:00:00]} Kg6+ {[%emt 0:00:02]} 50. Ke3 {[%emt 0:00:00]} Rf6 {[%emt 0:00:01]} 51. Be8+ {[%emt 0:00:04]} Kg7 {[%emt 0:00:01]} 52. Rxf6 {[%emt 0:00:03]} Kxf6 {[%emt 0:00:00]} 1/2-1/2

[Event "9th Bangabandhu Rapid Men 2021"]
[Site "Dhaka"]
[Date "2021.04.02"]
[Round "4.3"]
[White "Manon, Reja Neer"]
[Black "Subrota, Biswas"]
[Result "1-0"]
[WhiteElo "2112"]
[BlackElo "2256"]
[Annotator "NA"]
[PlyCount "47"]
[EventDate "2021.04.02"]
[EventType "swiss"]
[EventCountry "BAN"]
[SourceTitle "playchess.com"]
[Source "ChessBase"]
[SourceQuality "1"]
[TimeControl "1500+10"]

1. e4 {[%emt 0:00:00]} c6 {[%emt 0:00:00]} 2. d4 {[%emt 0:00:00]} d5 {[%emt 0:00:00]} 3. e5 {[%emt 0:00:00]} Bf5 {[%emt 0:00:00]} 4. Nf3 {[%emt 0:00:00]} e6 {[%emt 0:00:00]} 5. Be2 {[%emt 0:00:00]} c5 {[%emt 0:00:00]} 6. c3 {[%emt 0:00:16]} Nc6 {[%emt 0:26:00]} 7. O-O {[%emt 0:00:55]} cxd4 {[%emt 0:00:00]} 8. Nxd4 {[%emt 0:01:49]} Nge7 {[%emt 0:00:20]} 9. f4 {[%emt 0:23:30]} Nxd4 {[%emt 0:00:10]} 10. cxd4 {[%emt 0:00:00]} Nc6 {[%emt 0:00:00]} 11. Be3 {[%emt 0:00:20]} Qb6 {[%emt 0:00:20]} 12. Qd2 {[%emt 0:00:10]} Bb4 {[%emt 0:00:00]} 13. Nc3 {[%emt 0:00:00]} Bxc3 {[%emt 0:00:20]} 14. bxc3 {[%emt 0:00:20]} Qa5 {[%emt 0:00:10]} 15. g4 {[%emt 0:00:10]} Be4 {[%emt 0:00:10]} 16. f5 {[%emt 0:00:10]} exf5 {[%emt 0:00:00]} 17. gxf5 {[%emt 0:00:10]} f6 {[%emt 0:00:20]} 18. Bd3 {[%emt 0:00:10]} fxe5 {[%emt 0:00:00]} 19. dxe5 {[%emt 0:00:00]} Nxe5 {[%emt 0:00:20]} 20. Bxe4 {[%emt 0:00:00]} dxe4 {[%emt 0:00:10]} 21. Qd6 {[%emt 0:00:30]} Nf3+ {[%emt 0:00:00]} 22. Rxf3 {[%emt 0:00:00]} exf3 {[%emt 0:00:00]} 23. Bc5 {[%emt 0:00:20]} f2+ {[%emt 0:00:30]} 24. Kxf2 {[%emt 0:00:10]} 1-0

[Event "9th Bangabandhu Rapid Men 2021"]
[Site "Dhaka"]
[Date "2021.04.02"]
[Round "4.4"]
[White "Rahman, Ziaur"]
[Black "Mohammad Minhaz Uddin"]
[Result "1-0"]
[WhiteElo "2432"]
[BlackElo "2281"]
[Annotator "ChessBase"]
[PlyCount "100"]
[EventDate "2021.04.02"]
[EventType "swiss"]
[EventCountry "BAN"]
[SourceTitle "playchess.com"]
[Source "ChessBase"]
[SourceQuality "1"]
[TimeControl "1500+10"]

1. Nf3 {[%emt 0:00:00]} Nf6 {[%emt 0:00:00]} 2. g3 {[%emt 0:00:02]} b6 {[%emt 0:00:58]} 3. Bg2 {[%emt 0:00:04]} Bb7 {[%emt 0:00:02]} 4. O-O {[%emt 0:00:02]} g6 {[%emt 0:00:53]} 5. c4 {[%emt 0:03:05]} Bg7 {[%emt 0:00:03]} 6. d4 {[%emt 0:00:10]} e6 {[%emt 0:00:05]} 7. Nc3 {[%emt 0:00:04]} d6 {[%emt 0:01:09]} 8. d5 {[%emt 0:00:23]} e5 {[%emt 0:00:15]} 9. Nd2 {[%emt 0:00:18]} O-O {[%emt 0:00:06]} 10. Rb1 {[%emt 0:00:46]} Nbd7 {[%emt 0:00:29]} 11. b4 {[%emt 0:00:09]} Ne8 {[%emt 0:01:24]} 12. Nb3 {[%emt 0:00:17]} f5 {[%emt 0:00:19]} 13. c5 {[%emt 0:01:31]} Ndf6 {[%emt 0:00:06]} 14. c6 {[%emt 0:00:16]} Bc8 {[%emt 0:00:05]} 15. e3 {[%emt 0:00:49]} Nh5 {[%emt 0:01:16]} 16. Bb2 {[%emt 0:01:39]} f4 {[%emt 0:02:06]} 17. exf4 {[%emt 0:00:02]} exf4 {[%emt 0:00:02]} 18. Re1 {[%emt 0:00:02]} Bf5 {[%emt 0:03:12]} 19. Rc1 {[%emt 0:00:02]} Qc8 {[%emt 0:01:35]} 20. Nd4 {[%emt 0:00:21]} Bh3 {[%emt 0:01:01]} 21. Ne6 {[%emt 0:00:18]} Bxg2 {[%emt 0:00:04]} 22. Kxg2 {[%emt 0:00:06]} Rf7 {[%emt 0:00:57]} 23. f3 {[%emt 0:01:40]} Be5 {[%emt 0:00:28]} 24. Rxe5 {[%emt 0:00:44]} dxe5 {[%emt 0:00:07]} 25. Ne4 {[%emt 0:00:11]} Nd6 {[%emt 0:00:47]} 26. g4 {[%emt 0:01:29]} Ng7 {[%emt 0:04:20]} 27. N4g5 {[%emt 0:00:29]} Nxe6 {[%emt 0:01:05]} 28. dxe6 {[%emt 0:00:24]} Re7 {[%emt 0:00:40]} 29. Qd5 {[%emt 0:00:21]} Ne8 {[%emt 0:01:01]} 30. Qxe5 {[%emt 0:00:23]} Ng7 {[%emt 0:00:02]} 31. Rd1 {[%emt 0:03:02]} Qf8 {[%emt 0:01:53]} 32. Rd4 {[%emt 0:00:58]} h6 {[%emt 0:00:22]} 33. Rxf4 {[%emt 0:00:39]} hxg5 {[%emt 0:00:08]} 34. Rxf8+ {[%emt 0:00:28]} Rxf8 {[%emt 0:00:03]} 35. Qxg5 {[%emt 0:00:54]} Rxe6 {[%emt 0:00:03]} 36. Qd5 {[%emt 0:00:07]} Rfe8 {[%emt 0:00:24]} 37. Be5 {[%emt 0:00:36]} R8e7 {[%emt 0:00:22]} 38. f4 {[%emt 0:00:30]} Kh7 {[%emt 0:00:11]} 39. h4 {[%emt 0:00:40]} Ne8 {[%emt 0:01:27]} 40. Qd8 {[%emt 0:01:27]} Kg8 {[%emt 0:00:37]} 41. b5 {[%emt 0:00:20]} Kf7 {[%emt 0:00:05]} 42. Qd5 {[%emt 0:00:22]} Kf8 {[%emt 0:00:37]} 43. Qd8 {[%emt 0:00:39]} Kf7 {[%emt 0:00:38]} 44. a4 {[%emt 0:01:16]} Rxe5 {[%emt 0:00:38]} 45. fxe5 {[%emt 0:00:01]} Rxe5 {[%emt 0:00:02]} 46. Kf3 {[%emt 0:00:31]} Re7 {[%emt 0:00:19]} 47. Qb8 {[%emt 0:00:51]} Nd6 {[%emt 0:00:11]} 48. Qxa7 {[%emt 0:00:30]} Ke6 {[%emt 0:00:08]} 49. Qb8 {[%emt 0:00:15]} Rf7+ {[%emt 0:00:02]} 50. Kg2 {[%emt 0:00:04]} Kf6 {[%emt 0:00:33]} 1-0